Statistics for Random 21st Century Pro Sports Champions Quiz

Click here to take the quiz!

General Stats

  • This quiz has been taken 49 times
  • The average score is 12 of 20

Answer Stats

League/YearAnswer% Correct
NBA 2016Cleveland Cavaliers
100%
NBA 2018Golden State Warriors
100%
NHL 2012Los Angeles Kings
100%
NBA 2010Los Angeles Lakers
100%
NBA 2001Los Angeles Lakers
100%
NBA 2002Los Angeles Lakers
100%
NFL 2018 (LIII)New England Patriots
100%
NFL 2001 (XXXVI)New England Patriots
100%
NFL 2016 (LI)New England Patriots
100%
NFL 2003 (XXXVIII)New England Patriots
100%
NFL 2009 (XLIV)New Orleans Saints
100%
NFL 2002 (XXXVII)Tampa Bay Buccaneers
100%
NBA 2019Toronto Raptors
100%
NFL 2017 (LII)Philadelphia Eagles
83%
NBA 2003San Antonio Spurs
80%
NBA 2017Golden State Warriors
75%
NHL 2009Pittsburgh Penguins
75%
NBA 2014San Antonio Spurs
75%
NHL 2011Boston Bruins
67%
NBA 2011Dallas Mavericks
67%
NBA 2015Golden State Warriors
67%
NBA 2000Los Angeles Lakers
67%
NBA 2007San Antonio Spurs
67%
NFL 2019 (LIV)Kansas City Chiefs
60%
NBA 2005San Antonio Spurs
60%
NBA 2008Boston Celtics
50%
MLB 2018Boston Red Sox
50%
NHL 2006Carolina Hurricanes
50%
NFL 2015 (L)Denver Broncos
50%
NFL 2010 (XLV)Green Bay Packers
50%
MLB 2017Houston Astros
50%
MLB 2002Los Angeles Angels
50%
NBA 2009Los Angeles Lakers
50%
NBA 2013Miami Heat
50%
NHL 2003New Jersey Devils
50%
MLB 2009New York Yankees
50%
NFL 2013 (XLVIII)Seattle Seahawks
50%
NHL 2018Washington Capitals
50%
NFL 2006 (XLI)Indianapolis Colts
40%
NHL 2014Los Angeles Kings
40%
NHL 2019St. Louis Blues
40%
NHL 2010Chicago Blackhawks
33%
NHL 2015Chicago Blackhawks
33%
NHL 2002Detroit Red Wings
33%
MLB 2003Florida Marlins
33%
NBA 2004Miami Heat
33%
MLB 2008Philadelphia Phillies
33%
NHL 2017Pittsburgh Penguins
33%
NFL 2008 (XLIII)Pittsburgh Steelers
33%
MLB 2012San Francisco Giants
33%
NHL 2004Tampa Bay Lightning
33%
MLB 2019Washington Nationals
33%
NHL 2013Chicago Blackhawks
25%
NHL 2001Colorado Avalanche
25%
MLB 2015Kansas City Royals
25%
NHL 2016Pittsburgh Penguins
25%
MLB 2011St. Louis Cardinals
25%
MLB 2013Boston Red Sox
20%
NHL 2008Detroit Red Wings
20%
NBA 2006Miami Heat
20%
NFL 2004 (XXXIX)New England Patriots
20%
MLB 2010San Francisco Giants
20%
NHL 2007Anaheim Ducks
0%
MLB 2001Arizona Diamondbacks
0%
NFL 2012 (XLVII)Baltimore Ravens
0%
NFL 2000 (XXXV)Baltimore Ravens
0%
MLB 2007Boston Red Sox
0%
MLB 2004Boston Red Sox
0%
MLB 2016Chicago Cubs
0%
MLB 2005Chicago White Sox
0%
NBA 2012Miami Heat
0%
NFL 2014 (XLIX)New England Patriots
0%
NHL 2000New Jersey Devils
0%
NFL 2011 (XLVI)New York Giants
0%
NFL 2007 (XLII)New York Giants
0%
MLB 2000New York Yankees
0%
NFL 2005 (XL)Pittsburgh Steelers
0%
MLB 2014San Francisco Giants
0%
MLB 2006St. Louis Cardinals
0%

Score Distribution

Percentile by Number Answered

Percent of People with Each Score

Your Score History

You have not taken this quiz